01473cam a22003497a 4500003000500000005001700005008004100022010001000063011001000073035001000083040000900093090001000102100004300112245021900155260004100374502011800415590003700533590004100570590004100611590004100652590004100693590004200734650002900776650004200805650004200847901000700889905002400896942001000920949004900930999001700979952012700996CHAP20220329142452.0010517d1999 mx r 00110 spa d a83919 a84891 a95417 cCHAP aTesis00aNarváez Martínez, Moisés.98025110aCría masiva de Diachasmimorpha longicaudata (Ashmead) (Hymenoptera: Braconidae) con larvas irradiadas de Anastrepha ludens (Loew.) (Díptera: Tephritidae) en dietas recicladasc/por Moisés Narváez Martínez aHuehuetan, Chis. :bEl autor,c1999. aTesis )Ing. Agr. Parasitólogo) -- Universidad Autónoma de Chiapas. Facultad de Ciencias Agrícolas Campus IV aALEPHb10c20130110lUCH01h1442 aBATCH-UPDb10c20130110lUCH01h0312 aBATCH-UPDb10c20130110lUCH01h1928 aBATCH-UPDb10c20130409lUCH01h2344 aBATCH-UPDb10c20130914lUCH01h0329 aCONVERSIONb10c20130109lUCH01h134714aAnastrepha ludens.9548714aControl biológico de plagas.92758714aDiachasmimorpha longicaudatus.932389 aBK aMayto Villalobos S. cTESIS aTesisbBCcTESd994171eTS1h38084i95417sb c83919d83919 00102local4051708TESISaBCbBCcPA_TESISd2019-12-31fTESISl0oTesisp994171r2019-12-31 00:00:00w2019-12-31yTESIS